| 000 | 01224nam a2200325 c 4500 | ||
|---|---|---|---|
| 999 |
_c134314 _d134314 |
||
| 003 | BLK | ||
| 005 | 20240719142134.0 | ||
| 008 | 180409b bul|||||r ||||||| ||bul|| | ||
| 010 | _aKNG00140226000 | ||
| 040 | _aBLK | ||
| 041 |
_aBUL _cBUL |
||
| 080 |
_aНемска литература _b821.112.2 _x-31 _z821.112.2-31 |
||
| 100 | 1 |
_aРемарк, Ерих Мария _eпърви автор _gРемарк, Ерих Паул _9257978 |
|
| 139 |
_aРемарк, Ерих Мария _bР 51 |
||
| 245 | 1 | 0 |
_aТрима другари _bРоман _cЕрих Мария Ремарк; прев. от нем. Недялка Попова. |
| 257 | _aDEU | ||
| 260 |
_bОФ _c1984 _fСофия : ДП Д. Благоев |
||
| 300 |
_a416 с. _c20 см |
||
| 380 | _aX | ||
| 500 | _aОриг. загл. Drei Kameraden / Erich Maria Remarque. - 110 200 тир. | ||
| 653 | _aромани | ||
| 700 | 1 |
_aПопова, Недялка _eпрев. от нем. _9365795 |
|
| 852 | _aЦб 128987 | ||
| 856 | 4 | _qpdf | |
| 856 | 4 | _qpdf | |
| 942 |
_cKNG _n0 _014 |
||
| 944 |
_aCR _c04.03.2013 _lГалина Якимова _k30564 |
||
| 944 |
_aED _c05.12.2016 _lф / _kЛюдмила_Стоянова |
||
| 999 | _d134314 | ||